A self-study course in homeopathy

Bibliographic Details
Main Author: Rawat, P.S
Format: Book
Published: New Delhi : Health Harmony , 2006
Subjects:

MARC

LEADER 00000cam a2200000 7i4500
001 0000040438
005 20160308.0
008 140416
020 |a 8170211301 
020 |a 9788170211303 
090 0 0 |a 615.532   |b RAW 
100 1 |a Rawat, P.S 
245 1 2 |a A self-study course in homeopathy   |c Dr. P.S. Rawat 
260 |a New Delhi :   |b Health Harmony ,   |c 2006 
650 0 |a Homeopathy   |x Medicine 
999 |a 0001267593   |b Book   |c Adult Collection   |e Cawangan AEON Kulaijaya 
999 |a 0001267594   |b Book   |c Adult Collection   |e Cawangan Pontian 
999 |a 0001267595   |b Book   |c Adult Collection   |e Cawangan Tmn. Ungku Tun Aminah 
999 |a 0001291683   |b Book   |c Adult Collection   |e Cawangan Bandar Penawar 
999 |a 0001291684   |b Book   |c Adult Collection   |e Cawangan Muar 
999 |a 0001291685   |b Book   |c Adult Collection   |e Cawangan Tangkak 
999 |a 0001291686   |b Book   |c Adult Collection   |e Cawangan Mersing 
999 |a 0001291687   |b Book   |c Adult Collection   |e Cawangan Segamat 
999 |a 0001291688   |b Book   |c Adult Collection   |e Cawangan Tmn. Ungku Tun Aminah 
999 |a 0001291690   |b Book   |c Adult Collection   |e Cawangan Urban Transformation Centre 
999 |a 0001291691   |b Book   |c Adult Collection   |e Cawangan Taman Sri Lambak 
999 |a 0001291692   |b Book   |c Adult Collection   |e Cawangan Bandar Tenggara 
999 |a 0001291861   |b Book   |c Adult Collection   |e Perbadanan Perpustakaan Awam Johor